| 000 | 00762nam a2200193 i 4500 | ||
|---|---|---|---|
| 001 | 170898 | ||
| 003 | ES-MaACL | ||
| 005 | 20230906214506.0 | ||
| 008 | 090415s1859 sp |||| | spa d | ||
| 100 | 0 |
_aEguilaz, Luis de. _946758 |
|
| 245 | 1 | 3 |
_aLa vaquera de la Finojosa _b: drama original, en tres actos y en verso / _cde Luis de Eguilaz. |
| 250 | _a3ª ed. | ||
| 260 |
_aMadrid : _b[s.n.], _c1859 ( _fImp. de José Rodríguez) |
||
| 300 |
_a75 p. ; _c18 cm. |
||
| 490 | 1 | _aLa escena española | |
| 830 | 0 |
_aLa escena española _9188984 |
|
| 852 |
_aES-MaACL _jF-8569(3) _z.- Enc. pasta española _q.- Falto de la cub. original _z.- Enc. en un vol. facticio formando parte de la col. facticia "Teatro español moderno", vol. 22 |
||
| 999 |
_c170898 _d170898 |
||